Catálogo
 En Linea

Ley general de telecomunicaciones No. 153-98. : (Registro nro. 40383)

Detalles MARC
000 -CABECERA
campo de control de longitud fija 00719nam a2200229 a 4500
001 - NÚMERO DE CONTROL
campo de control 000040893
003 - IDENTIFICADOR DEL NÚMERO DE CONTROL
campo de control DO-SdBNP
005 - FECHA Y HORA DE LA ÚLTIMA TRANSACCIÓN
campo de control 20251209085620.0
008 - DATOS DE LONGITUD FIJA--INFORMACIÓN GENERAL
campo de control de longitud fija 100728s2006 dr r 000 0 spa d
040 ## - FUENTE DE LA CATALOGACIÓN
Centro catalogador/agencia de origen DO-SdBNP
Lengua de catalogación spa
Centro/agencia transcriptor BNPHU
082 #4 - NÚMERO DE LA CLASIFICACIÓN DECIMAL DEWEY
Número de clasificación 343.09947293
Número de documento/Ítem R426L, 2006
Número de edición 22
110 2# - ENTRADA PRINCIPAL--NOMBRE DE ENTIDAD CORPORATIVA
Nombre de entidad corporativa o nombre de jurisdicción como elemento de entrada INDOTEL
9 (RLIN) 17928
240 13 - TÍTULO UNIFORME
Título uniforme [Leyes etc.]
245 10 - MENCIÓN DE TÍTULO
Título Ley general de telecomunicaciones No. 153-98. :
Resto del título publicada en la Gaceta Oficial No.9983
260 ## - PUBLICACIÓN, DISTRIBUCIÓN, ETC.
Lugar de publicación, distribución, etc. Santo Domingo :
Nombre del editor, distribuidor, etc. INDOTEL,
Fecha de publicación, distribución, etc. 2006.
300 ## - DESCRIPCIÓN FÍSICA
Extensión 64 p. ;
Dimensiones 22 cm.
500 ## - NOTA GENERAL
Nota general Publicada en la gaceta oficial no. 9983
650 #0 - PUNTO DE ACCESO ADICIONAL DE MATERIA--TÉRMINO DE MATERIA
Término de materia o nombre geográfico como elemento de entrada Telecomunicaciones
Subdivisión general Legislación
Subdivisión geográfica República Dominicana
9 (RLIN) 550
710 2# - PUNTO DE ACCESO ADICIONAL--NOMBRE DE ENTIDAD CORPORATIVA
Nombre de entidad corporativa o nombre de jurisdicción como elemento de entrada INDOTEL
9 (RLIN) 17928
910 ## - DATOS DE OPCIÓN DEL USUARIO (OCLC)
Datos de opción del usuario D/G
942 ## - ELEMENTOS DE PUNTO DE ACCESO ADICIONAL (KOHA)
Fuente del sistema de clasificación o colocación Dewey Decimal Classification
Tipo de ítem Koha Libro
Existencias
Estado de retiro Estado de pérdida Fuente del sistema de clasificación o colocación No para préstamo Código de colección Localización permanente Ubicación/localización actual Ubicación en estantería Fecha de adquisición Número de inventario Total de préstamos Signatura topográfica completa Código de barras Fecha visto por última vez Precio válido a partir de Tipo de ítem Koha Restricciones de uso Fuente de adquisición Número de copia Nota pública
    Dewey Decimal Classification Excluido de préstamo Patrimonio Dominicano Biblioteca Nacional Pedro Henríquez Ureña Biblioteca Nacional Pedro Henríquez Ureña Depósito 11.09.2013 LF1   BNPHU PD 343.09947293 R426L 2006 40893-10 25.06.2020 25.06.2020 Libro        
    Dewey Decimal Classification Préstamo restrigido Patrimonio Dominicano Biblioteca Nacional Pedro Henríquez Ureña Patrimonio Dominicano Depósito 24.08.2021     BNPHU PD 343.09947293 R426L 2006 2021-25630 24.08.2021 24.08.2021 Libro y Folleto Colección Patrimonio Dominicano Excluido de préstamo donado por CERTV e.2 donado por CERTV

Con tecnología Koha